[Event "Forni di Sopra op 13th"]
[Site "Forni di Sopra"]
[Date "2022.06.14"]
[Round "4"]
[White "Vezzosi, Paolo"]
[Black "Lavorgna, Giovanni"]
[Result "1/2-1/2"]
[WhiteElo "2224"]
[BlackElo "1834"]
[PlyCount "94"]
[EventDate "2022.06.12"]
[EventType "swiss"]
[EventRounds "9"]
[EventCountry "ITA"]
[SourceTitle "EXT 2023"]
[Source "ChessBase"]
[SourceDate "2022.10.05"]
[SourceVersion "1"]
[SourceVersionDate "2022.10.05"]
[SourceQuality "1"]

1. d4 Nf6 2. Nf3 g6 3. Bg5 Ne4 4. Bf4 Bg7 5. e3 0-0 6. Bd3 d5 7. 0-0 c5 8. c3 Nc6 9. Bxe4 dxe4 10. Ng5 Bf5 11. Nd2 e5 12. dxe5 Qd3 13. Nb3 Qc4 14. Nd2 Qd3 15. Nb3 Qc4 16. Qd6 h6 17. Nh3 Bxh3 18. gxh3 Rfe8 19. Qxc5 Qe6 20. Nd4 Qxh3 21. Nxc6 bxc6 22. Qxc6 Qf3 23. Rfd1 Rac8 24. Qa6 Qg4+ 25. Bg3 h5 26. h3 Qxh3 27. Qf1 Qf5 28. Rd5 h4 29. Bxh4 Rxe5 30. Rxe5 Bxe5 31. Qg2 Rb8 32. b3 Bxc3 33. Rd1 Be5 34. Rd8+ Rxd8 35. Bxd8 Bd6 36. Bh4 Qd5 37. Bg3 Bc5 38. Bf4 Bf8 39. Bb8 a6 40. Qg4 Qd3 41. Kg2 Qd5 42. Ba7 a5 43. Bd4 Bg7 44. Qc8+ Kh7 45. Qh3+ Kg8 46. Qc8+ Kh7 47. Qh3+ Kg8 1/2-1/2

[Event "Milan Crespi op-C 35th"]
[Site "Milan"]
[Date "2014.12.08"]
[Round "7"]
[White "Giaretta, Fulvio"]
[Black "Lavorgna, Giovanni"]
[Result "1-0"]
[WhiteElo "1815"]
[BlackElo "1961"]
[PlyCount "81"]
[EventDate "2014.12.04"]
[EventType "swiss"]
[EventRounds "7"]
[EventCountry "ITA"]
[SourceTitle "EXT 2017"]
[Source "ChessBase"]
[SourceDate "2016.10.25"]
[SourceVersion "1"]
[SourceVersionDate "2016.10.25"]
[SourceQuality "1"]

1. e4 c5 2. Nf3 d6 3. d4 cxd4 4. Nxd4 Nf6 5. Nc3 Nc6 6. Be2 e6 7. Be3 Be7 8. 0-0 0-0 9. Qd2 a6 10. a4 Qc7 11. Nb3 b6 12. f3 Bb7 13. Rfc1 Rfd8 14. a5 Nxa5 15. Nxa5 bxa5 16. Na4 Nd7 17. c4 Bc6 18. b3 Rab8 19. Qc2 Qb7 20. Rcb1 Bf6 21. Ra2 Qc7 22. Kh1 Ba8 23. Qd2 Ne5 24. Bd4 Bc6 25. Qc3 Rb4 26. Rba1 Rdb8 27. Bd1 h6 28. Nb2 a4 29. Nxa4 Qe7 30. Nb2 Kh7 31. Rxa6 R8b7 32. Bc2 g6 33. f4 Bxe4 34. Bxe4 Rxb3 35. Qc2 Ng4 36. Bxf6 Qxf6 37. Nd3 Qd4 38. Bxb7 Rxd3 39. R6a2 Nf2+ 40. Qxf2 Rd1+ 41. Rxd1 1-0

[Event "Bratto op 34th"]
[Site "Bratto"]
[Date "2014.08.29"]
[Round "8"]
[White "Podini, Francesco"]
[Black "Lavorgna, Giovanni"]
[Result "0-1"]
[WhiteElo "2031"]
[BlackElo "1962"]
[PlyCount "116"]
[EventDate "2014.08.22"]
[EventType "swiss"]
[EventRounds "9"]
[EventCountry "ITA"]
[SourceTitle "EXT 2016"]
[Source "ChessBase"]
[SourceDate "2015.10.08"]
[SourceVersion "1"]
[SourceVersionDate "2015.10.08"]
[SourceQuality "1"]

1. c4 Nf6 2. Nc3 e5 3. g3 Nc6 4. Bg2 Bb4 5. e4 0-0 6. Nge2 d6 7. 0-0 Bg4 8. h3 Bh5 9. g4 Bg6 10. d3 Nd7 11. a3 Bc5 12. b4 Bb6 13. Nd5 Ne7 14. Nxb6 axb6 15. Be3 Nc6 16. Qc2 Re8 17. b5 Ne7 18. f4 exf4 19. Nxf4 Nc5 20. a4 Ne6 21. Nxg6 Nxg6 22. Qf2 Qe7 23. Qc2 Nc5 24. Rfe1 h6 25. d4 Ne6 26. e5 dxe5 27. Bxb7 Qh4 28. Bxa8 Rxa8 29. Qg2 Rd8 30. Bf2 Qg5 31. d5 Nef4 32. Qg3 Qf6 33. a5 bxa5 34. Rxa5 Qd6 35. Qc3 Re8 36. Ra6 Qe7 37. Rc6 e4 38. Qg3 Qb4 39. Qe3 Nd3 40. Rd1 Ngf4 41. Bg3 g5 42. Bxf4 Nxf4 43. Rxc7 Qb2 44. Rd2 Qb1+ 45. Kh2 Ra8 46. Ra7 Rc8 47. Ra4 Qf1 48. d6 Rd8 49. Ra6 Qxc4 50. d7 Ne6 51. Rb6 Qc7+ 52. Rbd6 Rxd7 53. b6 Qb8 54. Qg3 Rb7 55. Rb2 Nf4 56. Qa3 Nd3 57. Rb1 Rd7 58. b7 Rxd6 0-1

[Event "Bratto op 34th"]
[Site "Bratto"]
[Date "2014.08.26"]
[Round "5"]
[White "Lavorgna, Giovanni"]
[Black "Razzano, Lorenzo"]
[Result "0-1"]
[WhiteElo "1962"]
[BlackElo "1990"]
[PlyCount "120"]
[EventDate "2014.08.22"]
[EventType "swiss"]
[EventRounds "9"]
[EventCountry "ITA"]
[SourceTitle "EXT 2016"]
[Source "ChessBase"]
[SourceDate "2015.10.08"]
[SourceVersion "1"]
[SourceVersionDate "2015.10.08"]
[SourceQuality "1"]

1. Nf3 Nf6 2. c4 Nc6 3. Nc3 e5 4. d3 Bb4 5. Bd2 0-0 6. g3 Bxc3 7. Bxc3 e4 8. Nd4 exd3 9. Qxd3 Ne5 10. Qc2 d6 11. Bg2 Nxc4 12. 0-0-0 Qe7 13. Nf5 Bxf5 14. Qxf5 Ne5 15. Rd4 c6 16. Rhd1 d5 17. e4 Qe6 18. Qg5 h6 19. exd5 cxd5 20. Qf4 Ng6 21. Qf3 Rac8 22. Kb1 Qb6 23. Rb4 Qc5 24. a3 Ne4 25. Bd4 Nd2+ 26. Rxd2 Qc1+ 27. Ka2 Qxd2 28. Bc3 Qc2 29. Qe3 Rfd8 30. Qd4 Rxc3 31. Qxc3 Qxf2 32. Qc7 Qf6 33. Rxb7 d4 34. Rb8 Rxb8 35. Qxb8+ Kh7 36. Qxa7 Qe6+ 37. Ka1 d3 38. Qd4 Qe2 39. Be4 d2 40. Bc2 f5 41. Ka2 Ne7 42. g4 Qe6+ 43. Bb3 Qe4 44. Qxd2 Qxg4 45. Qd7 Qg5 46. a4 f4 47. Bc2+ g6 48. Qe6 Kg7 49. Qe4 Qf6 50. Qf3 Nc6 51. Bb3 h5 52. Kb1 Kh6 53. Bd5 Nd4 54. Qe4 f3 55. Bc4 f2 56. Bf1 g5 57. Qd5 Qg6+ 58. Ka2 Nc2 59. Qb3 g4 60. Bd3 Qxd3 0-1

[Event "Milan Befana op"]
[Site "Milan"]
[Date "2014.01.02"]
[Round "1"]
[White "Lavorgna, Giovanni"]
[Black "Cazzaniga, Walter"]
[Result "0-1"]
[WhiteElo "1984"]
[BlackElo "2116"]
[PlyCount "52"]
[EventDate "2014.01.02"]
[EventType "swiss"]
[EventRounds "7"]
[EventCountry "ITA"]
[SourceTitle "EXT 2015"]
[Source "ChessBase"]
[SourceDate "2014.11.20"]
[SourceVersion "1"]
[SourceVersionDate "2014.11.20"]
[SourceQuality "1"]

1. e4 e6 2. d3 c5 3. g3 Nc6 4. Bg2 g6 5. Nf3 Bg7 6. 0-0 Nge7 7. Nbd2 0-0 8. Re1 d6 9. c3 Rb8 10. a4 a6 11. Nf1 b5 12. axb5 axb5 13. Bf4 Qc7 14. Qd2 e5 15. Bh6 Na5 16. Bxg7 Kxg7 17. Qg5 h6 18. Qh4 Nb3 19. Ra3 c4 20. dxc4 bxc4 21. Ne3 Be6 22. Ng4 Bxg4 23. Qxg4 Nc5 24. Nd2 Nd3 25. Rea1 Rxb2 26. Rd1 Qc5 0-1

[Event "Milan Crespi op-A 34th"]
[Site "Milan"]
[Date "2013.12.05"]
[Round "6"]
[White "Calella, Sergio"]
[Black "Lavorgna, Giovanni"]
[Result "1/2-1/2"]
[WhiteElo "2029"]
[BlackElo "1995"]
[PlyCount "62"]
[EventDate "2013.11.30"]
[EventType "swiss"]
[EventRounds "9"]
[EventCountry "ITA"]
[SourceTitle "CBM 157 Extra"]
[Source "ChessBase"]
[SourceDate "2013.12.19"]
[SourceVersion "1"]
[SourceVersionDate "2013.12.19"]
[SourceQuality "1"]

1. e4 c5 2. Nf3 d6 3. d4 cxd4 4. Nxd4 Nf6 5. Nc3 Nc6 6. Bg5 e6 7. Qd2 Be7 8. Be2 0-0 9. 0-0-0 Nxd4 10. Qxd4 Qa5 11. Bd2 Qc5 12. Qd3 Bd7 13. f4 Rac8 14. Kb1 Bc6 15. Bf3 Rfd8 16. g4 d5 17. e5 Ne4 18. Bxe4 dxe4 19. Qe3 Rd4 20. Bc1 Rcd8 21. Rxd4 Rxd4 22. Rd1 Rxd1 23. Nxd1 Qc4 24. Qxa7 h6 25. Qe3 Bc5 26. Qe1 Bb4 27. Bd2 Bxd2 28. Qxd2 Qf1 29. Kc1 Qf3 30. Qf2 Qxg4 31. Ne3 Qg6 1/2-1/2

[Event "Milan Crespi op-A 34th"]
[Site "Milan"]
[Date "2013.12.01"]
[Round "2"]
[White "Lavorgna, Giovanni"]
[Black "Mrdja, Milan"]
[Result "0-1"]
[WhiteElo "1995"]
[BlackElo "2388"]
[PlyCount "80"]
[EventDate "2013.11.30"]
[EventType "swiss"]
[EventRounds "9"]
[EventCountry "ITA"]
[SourceTitle "CBM 157 Extra"]
[Source "ChessBase"]
[SourceDate "2013.12.19"]
[SourceVersion "1"]
[SourceVersionDate "2013.12.19"]
[SourceQuality "1"]

1. e4 Nf6 2. e5 Nd5 3. d4 d6 4. c4 Nb6 5. exd6 cxd6 6. Bd3 g6 7. Ne2 Bg7 8. 0-0 0-0 9. Nbc3 Nc6 10. Be3 Nb4 11. b3 Nxd3 12. Qxd3 e6 13. Rad1 Bd7 14. Rfe1 d5 15. c5 Nc8 16. Qd2 Re8 17. Bg5 Ne7 18. Ng3 Bc6 19. Qf4 Qa5 20. Rd3 Nf5 21. Nxf5 exf5 22. Rxe8+ Rxe8 23. h4 Qb4 24. Bh6 Bh8 25. a3 Qxa3 26. Re3 Ra8 27. Ne2 Qa5 28. Kh2 Qd8 29. Ng3 Bd7 30. Nh5 Qb8 31. Re5 Bc6 32. Qg5 Qd8 33. Qf4 f6 34. Re6 gxh5 35. Qe3 Kf7 36. Rd6 Qe7 37. Qf3 Rg8 38. Qxf5 Rg6 39. Qxh5 Qe4 40. Be3 Qxg2# 0-1

[Event "Mare di Fano op 2nd"]
[Site "Fano"]
[Date "2013.07.31"]
[Round "3"]
[White "Gambardella, Piero"]
[Black "Lavorgna, Giovanni"]
[Result "1/2-1/2"]
[WhiteElo "1992"]
[BlackElo "2060"]
[PlyCount "96"]
[EventDate "2013.07.29"]
[EventType "swiss"]
[EventRounds "9"]
[EventCountry "ITA"]
[SourceTitle "EXT 2015"]
[Source "ChessBase"]
[SourceDate "2014.11.20"]
[SourceVersion "1"]
[SourceVersionDate "2014.11.20"]
[SourceQuality "1"]

1. d4 Nf6 2. c4 g6 3. Nc3 d5 4. Nf3 Bg7 5. Bg5 Ne4 6. cxd5 Nxc3 7. bxc3 Qxd5 8. Qb3 Be6 9. Qxd5 Bxd5 10. e3 e5 11. Be2 Nc6 12. 0-0 0-0 13. Rab1 Rfe8 14. Rb5 Be4 15. d5 Ne7 16. c4 f6 17. Bh4 c6 18. Rxb7 cxd5 19. Nd2 Nf5 20. Bg3 Nxg3 21. hxg3 Reb8 22. Rxb8+ Rxb8 23. Nxe4 dxe4 24. c5 Kf8 25. c6 Rc8 26. Rc1 Ke7 27. Ba6 Rc7 28. Bb7 Kd6 29. Rc4 f5 30. Ra4 Kc5 31. Rxa7 Kb6 32. Ra3 Bf8 33. Rb3+ Ka7 34. Kf1 Bd6 35. Ke2 Rf7 36. Rc3 Bc7 37. Rc4 Kb6 38. Rc2 Rf8 39. Rd2 Rd8 40. Rb2+ Ka7 41. Rb3 Rd6 42. f3 exf3+ 43. gxf3 g5 44. Rd3 h5 45. Rxd6 Bxd6 46. Bc8 f4 47. exf4 exf4 48. gxf4 Bxf4 1/2-1/2

[Event "Mare di Fano op 2nd"]
[Site "Fano"]
[Date "2013.07.30"]
[Round "2"]
[White "Lavorgna, Giovanni"]
[Black "Di Primio, Eugenia"]
[Result "0-1"]
[WhiteElo "2060"]
[BlackElo "1943"]
[PlyCount "72"]
[EventDate "2013.07.29"]
[EventType "swiss"]
[EventRounds "9"]
[EventCountry "ITA"]
[SourceTitle "EXT 2015"]
[Source "ChessBase"]
[SourceDate "2014.11.20"]
[SourceVersion "1"]
[SourceVersionDate "2014.11.20"]
[SourceQuality "1"]

1. e4 e5 2. Nf3 Nc6 3. Bb5 a6 4. Ba4 Nf6 5. d3 b5 6. Bb3 Be7 7. 0-0 0-0 8. Re1 d6 9. c3 Na5 10. Bc2 c5 11. Nbd2 Qc7 12. Nf1 h6 13. Ng3 Re8 14. Nh4 Bf8 15. Nhf5 Kh7 16. Qf3 Ng8 17. Bd2 Be6 18. Rec1 g6 19. Ne3 Bg7 20. h4 Ne7 21. h5 Rf8 22. Ng4 f5 23. hxg6+ Nxg6 24. exf5 Nh4 25. Qe2 Nxf5 26. d4 Kh8 27. Nxf5 Bxf5 28. Bxf5 Rxf5 29. Nxh6 Bxh6 30. Bxh6 Qh7 31. Qe4 Rg8 32. Be3 d5 33. Qc2 Qh3 34. f3 Qxf3 35. Re1 Nc4 36. Qf2 Qh3 0-1

[Event "Milan Carnevale op 4th"]
[Site "Milan"]
[Date "2013.02.17"]
[Round "5"]
[White "Lavorgna, Giovanni"]
[Black "Pelizzola, Danilo"]
[Result "1/2-1/2"]
[WhiteElo "2069"]
[BlackElo "2093"]
[PlyCount "138"]
[EventDate "2013.02.13"]
[EventType "swiss"]
[EventRounds "6"]
[EventCountry "ITA"]
[SourceTitle "EXT 2014"]
[Source "ChessBase"]
[SourceDate "2013.11.20"]
[SourceVersion "1"]
[SourceVersionDate "2013.11.20"]
[SourceQuality "1"]

1. e4 e5 2. Bc4 Nc6 3. Nf3 Be7 4. 0-0 Nf6 5. d3 d6 6. c3 0-0 7. Re1 Na5 8. Bb5 a6 9. Ba4 c5 10. Nbd2 Nc6 11. Nf1 Re8 12. Ng3 g6 13. Bg5 Nd7 14. h4 Nf8 15. Qd2 Ne6 16. Bxe7 Qxe7 17. Nf1 Bd7 18. Bb3 Qf6 19. Ne3 Nc7 20. Ng5 Rf8 21. Nc4 Rad8 22. Nb6 Be6 23. Nxe6 fxe6 24. g3 Kg7 25. Re3 Na8 26. Nxa8 Rxa8 27. Kg2 Qe7 28. Qe2 Rf7 29. Rf3 Raf8 30. Rxf7+ Qxf7 31. Rf1 Na5 32. Bc2 Qf6 33. Qg4 b5 34. h5 g5 35. f4 h6 36. Rf3 Rf7 37. a3 Rf8 38. b4 Nc6 39. Bb3 Nd8 40. f5 Qe7 41. Bxe6 cxb4 42. axb4 Kf6 43. Rf2 Qc7 44. Rc2 Nc6 45. Bb3 a5 46. bxa5 Nxa5 47. Bd5 b4 48. c4 b3 49. Rb2 Rb8 50. Qd1 Qc5 51. Qd2 Rb4 52. Kf3 Ra4 53. Kg4 Ra1 54. Qe2 Rc1 55. Qd2 Rh1 56. Qg2 Rd1 57. Qe2 Ra1 58. Qd2 Ra3 59. Qc3 Qg1 60. Qd2 Ra1 61. c5 dxc5 62. Bxb3 Qd4 63. Bd5 Ra4 64. Ra2 Rxa2 65. Qxa2 Qxd3 66. Qxa5 Qe2+ 67. Kh3 Qf1+ 68. Kh2 Qf2+ 69. Kh1 Qf1+ 1/2-1/2

[Event "Milan Carnevale op 4th"]
[Site "Milan"]
[Date "2013.02.16"]
[Round "4"]
[White "Bisignano, Giuseppe"]
[Black "Lavorgna, Giovanni"]
[Result "0-1"]
[WhiteElo "1894"]
[BlackElo "2069"]
[PlyCount "64"]
[EventDate "2013.02.13"]
[EventType "swiss"]
[EventRounds "6"]
[EventCountry "ITA"]
[SourceTitle "EXT 2014"]
[Source "ChessBase"]
[SourceDate "2013.11.20"]
[SourceVersion "1"]
[SourceVersionDate "2013.11.20"]
[SourceQuality "1"]

1. e4 c5 2. Nf3 d6 3. d4 cxd4 4. Nxd4 Nf6 5. Bd3 Nc6 6. Nb3 e6 7. c4 Be7 8. 0-0 0-0 9. Nc3 d5 10. Qe2 d4 11. Na4 e5 12. h3 b6 13. c5 Bd7 14. f4 exf4 15. Bxf4 Nb4 16. Bb5 d3 17. Qd2 Bxb5 18. Qxb4 Bxa4 19. Qxa4 bxc5 20. Rac1 Rc8 21. Rfd1 Qb6 22. Be3 Rfd8 23. Qc4 Qe6 24. Qxe6 fxe6 25. Bxc5 d2 26. Rc3 Bxc5+ 27. Nxc5 Kf7 28. Kf2 Rxc5 29. Ke3 Rxc3+ 30. bxc3 e5 31. a4 Rd6 32. g4 h6 0-1

[Event "Milan Carnevale op 4th"]
[Site "Milan"]
[Date "2013.02.15"]
[Round "3"]
[White "Iudicello, Giovanni"]
[Black "Lavorgna, Giovanni"]
[Result "1-0"]
[WhiteElo "2130"]
[BlackElo "2069"]
[PlyCount "87"]
[EventDate "2013.02.13"]
[EventType "swiss"]
[EventRounds "6"]
[EventCountry "ITA"]
[SourceTitle "EXT 2014"]
[Source "ChessBase"]
[SourceDate "2013.11.20"]
[SourceVersion "1"]
[SourceVersionDate "2013.11.20"]
[SourceQuality "1"]

1. e4 c5 2. Nf3 d6 3. d4 cxd4 4. Nxd4 Nf6 5. Nc3 Nc6 6. Be2 e6 7. Be3 Be7 8. 0-0 0-0 9. Kh1 a6 10. f4 Qc7 11. a4 Bd7 12. Nb3 b6 13. g4 d5 14. exd5 Nb4 15. dxe6 Bxe6 16. Nd4 Bc4 17. Bxc4 Qxc4 18. Qf3 Bc5 19. Nce2 Rfe8 20. c3 Nbd5 21. Bd2 Ne4 22. Bc1 a5 23. b3 Qa6 24. Nb5 Rad8 25. c4 Nb4 26. Nc7 Qc8 27. Nxe8 Rxe8 28. f5 h6 29. Bf4 Ng5 30. Qg2 Nc2 31. Rab1 Ne3 32. Bxe3 Rxe3 33. Nf4 Qe8 34. f6 g6 35. Nd5 Re5 36. Ne7+ Bxe7 37. fxe7 Rxe7 38. Rbd1 Re3 39. Qd5 Kh7 40. Rd3 Re2 41. b4 Re1 42. Rd1 Re5 43. Qd7 Qa8+ 44. Rd5 1-0

[Event "Milan Crespi op-B 33rd"]
[Site "Milan"]
[Date "2012.12.08"]
[Round "9"]
[White "Massironi, Marco"]
[Black "Lavorgna, Giovanni"]
[Result "0-1"]
[WhiteElo "2214"]
[BlackElo "2035"]
[PlyCount "64"]
[EventDate "2012.12.01"]
[EventType "swiss"]
[EventRounds "9"]
[EventCountry "ITA"]
[SourceTitle "EXT 2014"]
[Source "ChessBase"]
[SourceDate "2013.11.20"]
[SourceVersion "1"]
[SourceVersionDate "2013.11.20"]
[SourceQuality "1"]

1. e4 c5 2. Nf3 d6 3. d4 cxd4 4. Nxd4 Nf6 5. Nc3 Nc6 6. Bg5 e6 7. Qd2 Bd7 8. 0-0-0 a6 9. f4 Qc7 10. Kb1 Be7 11. Be2 h6 12. Bxf6 Bxf6 13. Ndb5 axb5 14. Nxb5 Qa5 15. Nxd6+ Ke7 16. Qxa5 Rxa5 17. e5 Nxe5 18. fxe5 Rxe5 19. Nxf7 Kxf7 20. Rxd7+ Ke8 21. Rd2 Bg5 22. Bh5+ Ke7 23. Re2 Bf6 24. Bf3 Rd8 25. c4 b6 26. Rc2 Rd4 27. a3 Kd6 28. b4 Re3 29. Ka2 Rdd3 30. Rd1 Rxf3 31. Rcd2 Rf2 32. c5+ bxc5 0-1

[Event "Milan Crespi op-B 33rd"]
[Site "Milan"]
[Date "2012.12.04"]
[Round "4"]
[White "Lavorgna, Giovanni"]
[Black "Facchetti, Gianni"]
[Result "1-0"]
[WhiteElo "2035"]
[BlackElo "2102"]
[PlyCount "63"]
[EventDate "2012.12.01"]
[EventType "swiss"]
[EventRounds "9"]
[EventCountry "ITA"]
[SourceTitle "EXT 2014"]
[Source "ChessBase"]
[SourceDate "2013.11.20"]
[SourceVersion "1"]
[SourceVersionDate "2013.11.20"]
[SourceQuality "1"]

1. e4 e5 2. Bc4 d6 3. Nf3 Be7 4. 0-0 Nf6 5. d3 0-0 6. c3 c6 7. Nbd2 Qc7 8. Re1 Nbd7 9. Nf1 b5 10. Bb3 a5 11. Ng3 a4 12. Bc2 Ne8 13. d4 g6 14. Bh6 Ng7 15. b3 a3 16. Qd2 Nb6 17. Rad1 Bg4 18. Qe2 Rfd8 19. h3 Bxf3 20. Qxf3 Bf8 21. Nf1 Qe7 22. g3 Ne6 23. Bxf8 Kxf8 24. h4 Kg7 25. Ne3 f6 26. Kg2 h5 27. d5 cxd5 28. exd5 Nf8 29. g4 hxg4 30. Qxg4 Kg8 31. h5 g5 32. f4 1-0